Statistics for 25 Artists with Most Subscribers on YouTube Channel

Click here to take the quiz!

General Stats

  • This quiz has been taken 25 times
  • The average score is 16 of 34

Answer Stats

SubscribersArtistsChannels% Correct
43 millionJustin BieberJustin Bieber
86%
33 millionJustin BieberJustinBieberVEVO
86%
32 millionKaty PerryKaty Perry
77%
26 millionKaty PerryKatyPerryVEVO
77%
33 millionAriana GrandeAriana Grande`
68%
18 millionAriana GrandeArianaGrandeVEVO
68%
26 millionRihannaRihannaVEVO
68%
31 millionRihannaRihanna
68%
32 millionTaylor SwiftTaylor Swift
68%
27 millionTaylor SwiftTaylorSwiftVEVO
68%
24 millionBruno MarsBruno Mars
64%
37 millionEd SheeranEd Sheeran
64%
28 millionOne DirectionOne Direction
55%
23 millionOne DirectionOneDirectionVEVO
55%
19 millionAdeleAdele
50%
26 millionEminemEminemVEVO
50%
36 millionEminemEminemMusic
50%
18 millionNicki MinajNicki Minaj
50%
24 millionLuis FonsiLuis Fonsi
45%
18 millionLuis FonsiLuisFonsiVEVO
45%
20 millionSelena GomezSelena Gomez
41%
21 millionAlan WalkerAlan Walker
36%
24 millionMaroon 5Maroon 5
36%
19 millionShakiraSkakiraVEVO
36%
24 millionShakiraShakira
36%
19 millionDaddy YankeeDaddy Yankee
32%
19 millionBLACKPINKBLACKPINK
27%
29 millionMarshmelloMarshmello
23%
19 millionDavid GuettaDavid Guetta
18%
20 millionJ BalvinJ Balvin
18%
23 millionOzunaOzuna
18%
18 millionMalumaMaluma
14%
18 millionXXXTENTACIONXXXTENTACION
9%
18 millionSkrillexSkrillex
5%

Score Distribution

Percentile by Number Answered

Percent of People with Each Score

Your Score History

You have not taken this quiz